Ultrametric functional analysis : Seventh International Conference on p-Adic Functional Analysis, June 17-21, 2002, University of Nijmegen, the Netherlands
Αποθηκεύτηκε σε:
| Συγγραφή απο Οργανισμό/Αρχή: | |
|---|---|
| Άλλοι συγγραφείς: | , , |
| Μορφή: | Βιβλίο |
| Γλώσσα: | English |
| Δημοσίευση: |
Providence, R.I. :
American Mathematical Society,
c2003
|
| Σειρά: | Contemporary mathematics (American Mathematical Society) ;
; 319 |
| Θέματα: | |
| Ετικέτες: |
Προσθήκη ετικέτας
Δεν υπάρχουν, Καταχωρήστε ετικέτα πρώτοι!
|
MARC
| LEADER | 00000nam a2200000 i 4500 | ||
|---|---|---|---|
| 001 | 1/69454 | ||
| 008 | 050113s2003 eng d | ||
| 020 | |a 0-8218-3320-0 | ||
| 035 | |l 10075958 | ||
| 040 | |a GR-MY-UA |b gre |e aacr | ||
| 041 | 0 | |a eng | |
| 082 | 0 | |a 512.74 INT |2 (21) | |
| 110 | 2 | |a International Conference on p-Adic Functional Analysis. | |
| 245 | 1 | 0 | |a Ultrametric functional analysis : |b Seventh International Conference on p-Adic Functional Analysis, June 17-21, 2002, University of Nijmegen, the Netherlands / |c W.H. Schikhof, C. Perez-Garcia, A. Escassut, editors |
| 260 | |a Providence, R.I. : |b American Mathematical Society, |c c2003 | ||
| 300 | |a ix, 422 σ.; |c 26 εκ. | ||
| 490 | 1 | |a Contemporary mathematics |v ; 319 | |
| 504 | |a Περιέχει βιβλιογραφικές αναφορές | ||
| 650 | 0 | 0 | |a p-adic analysis |x Congresses. |
| 700 | 1 | |a Schikhof, Wilhelmus Hendricus. |4 edt | |
| 700 | 1 | |a Perez-Garcia, C. |d 1956- |4 edt | |
| 700 | 1 | |a Escassut, Alain. |4 edt | |
| 830 | 0 | |a Contemporary mathematics (American Mathematical Society) ; |v ; 319 | |
| 852 | |a INST |b SAMOS |e 20050113 |h 512.74 INT |p 005300022883 |q 005300022883 |t BK |y 0 | ||
| 901 | |a BIBL3-2005-1 | ||
| 909 | |a Σ |b 115125 | ||
| 922 | |a 3ΕΛΗ |b 200406 |c ΕΠΕΑΕΚ2/ΤΜΗΜΑ ΜΑΘΗΜΑΤΙΚΩΝ |d ΜΙΧΑΛΟΠΟΥΛΟΣ | ||
| 970 | |a ΚΟΣΙΕΡΗΣ |b ΧΡΗΣΤΟΣ |z 2005/01/13 | ||